100 cases in paediatrics / (Record no. 115972)
[ view plain ]
| 000 -LEADER | |
|---|---|
| fixed length control field | 00826nam a2200277z 4500 |
| 008 - FIXED-LENGTH DATA ELEMENTS--GENERAL INFORMATION | |
| fixed length control field | |
| 020 ## - INTERNATIONAL STANDARD BOOK NUMBER | |
| International Standard Book Number | 9780340968758 (pbk.) |
| 049 ## - LOCAL HOLDINGS (OCLC) | |
| Holding library | MAIN |
| 050 #4 - LIBRARY OF CONGRESS CALL NUMBER | |
| Classification number | RJ58 |
| Item number | RAI |
| 003 - CONTROL NUMBER IDENTIFIER | |
| control field | |
| 005 - DATE AND TIME OF LATEST TRANSACTION | |
| control field | 20250407134841.0 |
| 040 ## - CATALOGING SOURCE | |
| Transcribing agency | NUST |
| 100 1# - MAIN ENTRY--PERSONAL NAME | |
| Personal name | Raine, Joseph E. |
| 245 10 - TITLE STATEMENT | |
| Title | 100 cases in paediatrics / |
| Statement of responsibility, etc. | J.E. Raine, A.J. Cunnington, J.M. Walker. |
| 260 ## - PUBLICATION, DISTRIBUTION, ETC. | |
| Place of publication, distribution, etc. | London : |
| Name of publisher, distributor, etc. | Hodder Arnold, |
| Date of publication, distribution, etc. | 2009. |
| 300 ## - PHYSICAL DESCRIPTION | |
| Extent | xvii, 302 p. : |
| Other physical details | ill. (some col.) ; |
| Dimensions | 25 cm. |
| 490 ## - SERIES STATEMENT | |
| Series statement | 100 cases series. |
| 500 ## - GENERAL NOTE | |
| General note | Includes index. |
| 650 12 - SUBJECT ADDED ENTRY--TOPICAL TERM | |
| Topical term or geographic name entry element | Pediatrics |
| Form subdivision | Case Reports. |
| 650 #0 - SUBJECT ADDED ENTRY--TOPICAL TERM | |
| Topical term or geographic name entry element | Pediatrics |
| Form subdivision | Case studies. |
| 650 #0 - SUBJECT ADDED ENTRY--TOPICAL TERM | |
| Topical term or geographic name entry element | Pediatrics |
| Form subdivision | Problems, exercises, etc. |
| 700 1# - ADDED ENTRY--PERSONAL NAME | |
| Personal name | Cunnington, A. J. |
| 700 1# - ADDED ENTRY--PERSONAL NAME | |
| Personal name | Walker, J. M. |
| 907 ## - LOCAL DATA ELEMENT G, LDG (RLIN) | |
| a | .b10286913 |
| b | 10-11-10 |
| c | 10-11-10 |
| 942 ## - ADDED ENTRY ELEMENTS (KOHA) | |
| Koha item type | Ordinary Loan Books |
| Koha issues (borrowed), all copies | 3 |
| Date last seen | Total Checkouts | Total Renewals | Full call number | Barcode | Date due | Date last checked out | Cost, replacement price | Price effective from | Koha item type | Lost status | Source of classification or shelving scheme | Damaged status | Not for loan | Collection | Withdrawn status | Home library | Current library | Shelving location | Date acquired | Cost, normal purchase price |
|---|---|---|---|---|---|---|---|---|---|---|---|---|---|---|---|---|---|---|---|---|
| 04/07/2025 | 8 | 2 | RJ58 RAI | 92004014936 | 05/20/2025 | 04/07/2025 | 80.00 | 01/20/2023 | BOOKS | LCC | NFIC | Medical | MAIN | GEN | 01/20/2023 | 80.00 |